000 00364 a2200169 4500
001 194701
020 _a978-85-16-07991-8
040 _cMagnum
100 _aRocha, Ruth
240 1 0 _aO jacaré preguiçoso
_lpor
245 1 0 _aO jacaré preguiçoso
300 _a30
362 0 _a2012
440 1 _aSalamandra
697 _aLITERATURA INFANTIL
942 _cBK
999 _c194701
_d194701